000 00856nam a2200229Ia 4500
001 L099-481
003 IT-CnALBA
008 170116s9999||||xx |||||||||||||| ||und||
040 _aIT-CnALBA
_cIT-CnALBA
041 _aITALIANO
100 _aMANZONI ALESSANDRO
245 0 _aPOESIE
250 _a1a ed.
260 _aPADOVA - VC
_bGREGORIANA LIBRERIA EDITRICE
_cn.d.
300 _a156 p.
500 _aPREFAZIONE E NOTE DI BAZZARIN GIUSEPPE. MANZONI ALESSANDRO. POESIE GIOVANILI. INNI SACRI. POESIE POLITICHE. NOTE.
501 _aSocietà San Paolo EM - Piazza San Paolo, 14 - 12051 ALBA (CN) (non commercial uses only) ® Copyright 2017
520 _aPREFAZIONE E NOTE DI BAZZARIN GIUSEPPE. MANZONI ALESSANDRO. POESIE GIOVANILI. INNI SACRI. POESIE POLITICHE. NOTE.
650 _aLIBRI DI PICCOLO FORMATO
942 _cBK
957 _71
999 _a580
_bNO
_g Copie: 1
_c259717
_d259717